[Event "Mississauga Spring op"]
[Site "Mississauga CAN"]
[Date "2019.03.24"]
[Round "4.2"]
[White "Sapozhnikov, Roman"]
[Black "Hua, Eugene"]
[Result "1-0"]
[WhiteElo "2308"]
[BlackElo "2432"]
[PlyCount "73"]
[EventDate "2019.03.22"]
[EventType "swiss"]
[EventRounds "5"]
[EventCountry "CAN"]

1. e4 c5 2. Nf3 d6 3. d4 cxd4 4. Nxd4 Nf6 5. Nc3 Nc6 6. Bg5 e6 7. Qd2 a6 8.
O-O-O Bd7 9. f4 b5 10. Bxf6 gxf6 11. Nxc6 Bxc6 12. Qe3 Be7 13. f5 b4 14. Ne2 e5
15. Ng3 h5 16. h4 a5 17. Kb1 a4 18. Bc4 Qc7 19. Qf3 Bd7 20. b3 axb3 21. cxb3
Bc6 22. Rc1 Qb7 23. Rhd1 Rg8 24. Bd5 Bxd5 25. Rxd5 Kd7 26. Nf1 Rxa2 27. Kxa2
Ra8+ 28. Kb1 Qa6 29. Kc2 Bf8 30. Kd1 Bh6 31. Nd2 Rg8 32. Qxh5 Rxg2 33. Qxf7+
Kd8 34. Qxf6+ Ke8 35. Qe6+ Kf8 36. Rc8+ Kg7 37. Qe7# 1-0

[Event "Mississauga Spring op"]
[Site "Mississauga CAN"]
[Date "2019.03.24"]
[Round "4.5"]
[White "Loadman, Ian"]
[Black "Li, William"]
[Result "0-1"]
[WhiteElo "2095"]
[BlackElo "2274"]
[PlyCount "152"]
[EventDate "2019.03.22"]
[EventType "swiss"]
[EventRounds "5"]
[EventCountry "CAN"]

1. e4 c5 2. Nf3 Nc6 3. d4 cxd4 4. Nxd4 Nf6 5. Nc3 e5 6. Ndb5 d6 7. Bg5 a6 8.
Na3 b5 9. Nd5 Be7 10. Bxf6 Bxf6 11. c3 Bg5 12. Nc2 Rb8 13. Be2 O-O 14. O-O a5
15. a3 Ne7 16. Nce3 Bxe3 17. Nxe3 Be6 18. Bf3 Qb6 19. Qd3 Rfc8 20. Rfd1 Rc6 21.
Rd2 g6 22. g3 Kg7 23. Qe2 Rbc8 24. Kg2 b4 25. axb4 axb4 26. c4 Bxc4 27. Nxc4
Rxc4 28. Qd1 Nc6 29. Rxd6 Rd4 30. Rxd4 Nxd4 31. Rc1 Rc5 32. Rxc5 Qxc5 33. Qd2
Qc4 34. Bd1 h6 35. h4 b3 36. f3 Nc2 37. Kf2 Qc5+ 38. Kf1 Qb5+ 39. Kf2 Qb6+ 40.
Kg2 Ne3+ 41. Kh1 Nxd1 42. Qxd1 Qb5 43. Kg2 Qc4 44. Kf2 Qc2+ 45. Qe2 Qc1 46. Kg2
Kf8 47. Kf2 Ke7 48. Kg2 Qc2 49. Kf2 Kd6 50. Ke1 Qc5 51. Qa6+ Kc7 52. Qe2 Qc1+
53. Kf2 Qc5+ 54. Ke1 Qc1+ 55. Kf2 Qc2 56. Ke1 Qc1+ 57. Kf2 h5 58. Kg2 Qc2 59.
Kf2 Qc5+ 60. Ke1 Qc1+ 61. Kf2 f6 62. Kg2 Qc2 63. Kf2 Qc5+ 64. Kg2 Qd4 65. Kf1
Kb6 66. Qe1 Qxb2 67. Qb4+ Kc6 68. Qc4+ Kd6 69. Qd5+ Ke7 70. Qc5+ Kf7 71. Qc7+
Ke6 72. Qc8+ Kd6 73. Qf8+ Kc6 74. Qa8+ Kc5 75. Qd5+ Kb4 76. Qd6+ Kc3 0-1

[Event "Mississauga Spring op"]
[Site "Mississauga CAN"]
[Date "2019.03.24"]
[Round "4.6"]
[White "Jiang, Brian"]
[Black "Surya, Benito"]
[Result "1-0"]
[WhiteElo "2189"]
[BlackElo "2113"]
[PlyCount "65"]
[EventDate "2019.03.22"]
[EventType "swiss"]
[EventRounds "5"]
[EventCountry "CAN"]

1. d4 d5 2. c4 e6 3. Nc3 c5 4. cxd5 exd5 5. Nf3 Nc6 6. g3 Nf6 7. Bg2 Be7 8. O-O
O-O 9. dxc5 Bxc5 10. Na4 Be7 11. Be3 b6 12. Nd4 Ne5 13. Bf4 Ng6 14. Nc6 Qd7 15.
Nxe7+ Qxe7 16. Bg5 Rd8 17. Nc3 Bb7 18. Qd4 Ne5 19. Rfd1 Rd7 20. Bh3 Rdd8 21.
Rac1 h6 22. Bxf6 Qxf6 23. f4 Ng6 24. Qxf6 gxf6 25. Nb5 Kf8 26. Nd4 Ne7 27. Rc7
Bc8 28. Bg2 Rd7 29. Rc2 Rd8 30. Rcd2 f5 31. Rc2 Be6 32. Rc7 Rd7 33. Nxe6+ 1-0

[Event "Mississauga Spring op"]
[Site "Mississauga CAN"]
[Date "2019.03.24"]
[Round "4.7"]
[White "Xu, Eddie"]
[Black "Aniunoh, Chike"]
[Result "0-1"]
[WhiteElo "2016"]
[BlackElo "2133"]
[PlyCount "118"]
[EventDate "2019.03.22"]
[EventType "swiss"]
[EventRounds "5"]
[EventCountry "CAN"]

1. e4 e6 2. d4 d5 3. Nc3 Nf6 4. Bg5 dxe4 5. Nxe4 Be7 6. Bxf6 Bxf6 7. Nf3 Be7 8.
Bd3 Nd7 9. Qe2 Nf6 10. O-O-O Nxe4 11. Bxe4 c6 12. Kb1 Qb6 13. Ne5 Bf6 14. f4
Bd7 15. c4 Rd8 16. Rd3 Bc8 17. Rhd1 g6 18. g4 Qc7 19. d5 Bxe5 20. fxe5 cxd5 21.
cxd5 exd5 22. Bxd5 O-O 23. e6 fxe6 24. Bxe6+ Kg7 25. Rxd8 Rxd8 26. Rxd8 Qxd8
27. Qe5+ Kh6 28. g5+ Kh5 29. Qe2+ Kxg5 30. Qg4+ Kh6 31. Bxc8 Qd3+ 32. Kc1 Qf1+
33. Kd2 Qf2+ 34. Kd3 Qxh2 35. Bxb7 Qxb2 36. Qh4+ Kg7 37. Qe7+ Kh6 38. Qh4+ Kg7
39. Qd4+ Qxd4+ 40. Kxd4 Kf6 41. Kc5 h5 42. Bf3 Ke5 43. Kb5 Kf4 44. Bh1 g5 45.
Ka6 g4 46. a4 h4 47. Bg2 h3 48. Bf1 Kg3 49. Bc4 Kf2 50. Bd5 g3 51. Kxa7 g2 52.
Bxg2 hxg2 53. a5 g1=Q 54. a6 Kf3+ 55. Kb7 Qb1+ 56. Ka8 Qe4+ 57. Kb8 Qe8+ 58.
Kb7 Qb5+ 59. Ka7 Ke4 0-1

[Event "Mississauga Spring op"]
[Site "Mississauga CAN"]
[Date "2019.03.24"]
[Round "4.8"]
[White "Bu, Kevin"]
[Black "Chakkoli, Shiva"]
[Result "1/2-1/2"]
[WhiteElo "1978"]
[BlackElo "1882"]
[PlyCount "127"]
[EventDate "2019.03.22"]
[EventType "swiss"]
[EventRounds "5"]
[EventCountry "CAN"]

1. d4 Nf6 2. Nf3 b6 3. Bf4 Bb7 4. e3 g6 5. h3 Bg7 6. Be2 O-O 7. O-O d6 8. c3
Nbd7 9. Re1 h6 10. Nbd2 Kh7 11. Qc2 Nd5 12. Bh2 e5 13. Nc4 Qe7 14. Bd3 Rae8 15.
e4 Nf4 16. Bxf4 exf4 17. Qd2 d5 18. exd5 Qf6 19. Nce5 Rd8 20. c4 Kg8 21. Re4 g5
22. h4 Nb8 23. hxg5 hxg5 24. Rae1 c6 25. dxc6 Nxc6 26. d5 Nxe5 27. Nxe5 Qd6 28.
b3 f5 29. R4e2 Rde8 30. Nf3 Rxe2 31. Qxe2 Qf6 32. Qe6+ Qxe6 33. Rxe6 Bc8 34.
Re7 g4 35. Ne1 a6 36. Bc2 Bd4 37. Nd3 g3 38. Kf1 gxf2 39. Nxf2 Rf6 40. Re8+ Rf8
41. Rxf8+ Kxf8 42. Nh3 Be5 43. Ke2 b5 44. Kf3 Ke7 45. Nxf4 Kf6 46. Nh5+ Kg5 47.
Ng3 Bd6 48. Bd3 bxc4 49. bxc4 Bc5 50. Bc2 a5 51. Nf1 f4 52. Ke2 Bg4+ 53. Kd2
Bb4+ 54. Kc1 Be2 55. Nd2 Bxd2+ 56. Kxd2 Bxc4 57. Bb3 Bf1 58. d6 Kf6 59. Bd5 Bb5
60. Kc3 Ke5 61. Bf3 Kxd6 62. Kd4 a4 63. Bd1 Bc6 64. Bf3 1/2-1/2

[Event "Mississauga Spring op"]
[Site "Mississauga CAN"]
[Date "2019.03.24"]
[Round "4.9"]
[White "Momic, Jovan"]
[Black "Feng, Richard"]
[Result "0-1"]
[WhiteElo "2004"]
[BlackElo "2085"]
[PlyCount "76"]
[EventDate "2019.03.22"]
[EventType "swiss"]
[EventRounds "5"]
[EventCountry "CAN"]

1. d4 f5 2. c4 Nf6 3. Nc3 g6 4. Nf3 Bg7 5. Bg5 Ne4 6. Bf4 O-O 7. e3 Nxc3 8.
bxc3 d6 9. Qb3 Qe8 10. c5+ Kh8 11. cxd6 cxd6 12. Bc4 e5 13. Bg5 f4 14. Bh4 h6
15. dxe5 dxe5 16. O-O-O Nc6 17. exf4 Na5 18. Qb4 Nxc4 19. Qxc4 Be6 20. Qe2 Qa4
21. Nxe5 Qxf4+ 22. Rd2 Qxe5 23. Qxe5 Bxe5 24. Re1 Bf6 25. Bxf6+ Rxf6 26. Kb2
Raf8 27. f3 Kg7 28. Rd6 Re8 29. Rd4 Kf7 30. Red1 Rf5 31. a4 Rh5 32. h4 Re5 33.
R1d2 Rc5 34. g4 Rec8 35. R2d3 Rc4 36. Rxc4 Rxc4 37. Ka3 h5 38. gxh5 gxh5 0-1

[Event "Mississauga Spring op"]
[Site "Mississauga CAN"]
[Date "2019.03.24"]
[Round "4.10"]
[White "Liu, Henry"]
[Black "Papneja, Arul"]
[Result "0-1"]
[WhiteElo "2083"]
[BlackElo "1905"]
[PlyCount "86"]
[EventDate "2019.03.22"]
[EventType "swiss"]
[EventRounds "5"]
[EventCountry "CAN"]

1. c4 e5 2. g3 Nf6 3. Bg2 c6 4. e3 d5 5. cxd5 cxd5 6. d4 e4 7. Nc3 Be7 8. f3
exf3 9. Nxf3 Nbd7 10. O-O O-O 11. Nd2 Nb6 12. e4 Bg4 13. Bf3 Bxf3 14. Rxf3 dxe4
15. Ndxe4 Nxe4 16. Nxe4 Qd5 17. Nc3 Qh5 18. Bf4 Nd5 19. Be5 Rad8 20. Nxd5 Rxd5
21. Rc3 Qxd1+ 22. Rxd1 Rfd8 23. Rdc1 f6 24. Bc7 R8d7 25. Bb8 Rxd4 26. Rc7 a6
27. Ba7 Rd1+ 28. Rxd1 Rxc7 29. Bb6 Rc6 30. Be3 b5 31. Kf2 Rc2+ 32. Rd2 Rxd2+
33. Bxd2 Kf7 34. Ke3 Bc5+ 35. Ke4 Ke6 36. g4 g6 37. a3 f5+ 38. Kf3 Bd6 39. h4
Be7 40. Kg3 Kd5 41. h5 fxg4 42. Kxg4 gxh5+ 43. Kxh5 Kc4 0-1

[Event "Mississauga Spring op"]
[Site "Mississauga CAN"]
[Date "2019.03.24"]
[Round "5.1"]
[White "Sapozhnikov, Roman"]
[Black "Krnan, Tomas"]
[Result "0-1"]
[WhiteElo "2308"]
[BlackElo "2512"]
[PlyCount "82"]
[EventDate "2019.03.22"]
[EventType "swiss"]
[EventRounds "5"]
[EventCountry "CAN"]

1. e4 e5 2. Nf3 Nc6 3. Bb5 a6 4. Ba4 Nf6 5. O-O Be7 6. d3 b5 7. Bb3 d6 8. a4
Bd7 9. c3 O-O 10. Re1 Na5 11. Bc2 c5 12. d4 Qc7 13. dxc5 dxc5 14. axb5 axb5 15.
b3 h6 16. Nbd2 Be6 17. Bb2 c4 18. b4 Nc6 19. Nf1 Rxa1 20. Qxa1 Qb7 21. Ne3 Ra8
22. Qb1 Rd8 23. Rd1 Qa7 24. Qa1 Rxd1+ 25. Qxd1 Ng4 26. Nxg4 Bxg4 27. Qa1 Qxa1+
28. Bxa1 Bxf3 29. gxf3 Bg5 30. Bb2 Kf8 31. Kf1 Ke7 32. Kg2 Nd8 33. f4 Bxf4 34.
Bd1 Ne6 35. Bg4 Bd2 36. Kf3 Nf4 37. Bc8 Kd6 38. Ba6 Kc6 39. h4 Nd3 40. Ba1 Nc1
41. Kg4 Na2 0-1

[Event "Mississauga Spring op"]
[Site "Mississauga CAN"]
[Date "2019.03.24"]
[Round "5.3"]
[White "Hua, Eugene"]
[Black "Morrison, Robert"]
[Result "1-0"]
[WhiteElo "2432"]
[BlackElo "2269"]
[PlyCount "53"]
[EventDate "2019.03.22"]
[EventType "swiss"]
[EventRounds "5"]
[EventCountry "CAN"]

1. e4 d5 2. exd5 Qxd5 3. Nc3 Qd6 4. d4 Nf6 5. Nf3 c6 6. Ne5 Nbd7 7. Nc4 Qc7 8.
Qf3 Nb6 9. Bf4 Qd7 10. Nxb6 axb6 11. O-O-O Qg4 12. Qe3 Qe6 13. d5 Qxe3+ 14.
Bxe3 Nd7 15. Bc4 g6 16. Rhe1 Bg7 17. Bg5 Bf6 18. Ne4 Bxg5+ 19. Nxg5 c5 20. d6
e6 21. Bxe6 fxe6 22. Rxe6+ Kf8 23. Rde1 Kg7 24. Re7+ Kf6 25. h4 Kf5 26. Nf7 Rf8
27. Nh6+ 1-0

[Event "Mississauga Spring op"]
[Site "Mississauga CAN"]
[Date "2019.03.24"]
[Round "5.4"]
[White "Li, William"]
[Black "Jiang, Brian"]
[Result "1-0"]
[WhiteElo "2274"]
[BlackElo "2189"]
[PlyCount "73"]
[EventDate "2019.03.22"]
[EventType "swiss"]
[EventRounds "5"]
[EventCountry "CAN"]

1. e4 c5 2. Nf3 Nc6 3. d4 cxd4 4. Nxd4 e6 5. Nc3 Qc7 6. Be2 a6 7. O-O Nf6 8.
Be3 b5 9. Nxc6 dxc6 10. e5 Qxe5 11. Bf3 Bb7 12. Re1 Qc7 13. Ne4 Nxe4 14. Bxe4
Bd6 15. Qh5 O-O-O 16. c4 f5 17. Bf3 g6 18. Qh3 Bb4 19. Re2 Qd7 20. Bb6 g5 21.
Bxd8 Rxd8 22. g4 Bd6 23. Qh6 e5 24. Rd2 fxg4 25. Be4 Qe7 26. Rad1 Bc7 27. Bf5+
Kb8 28. Rxd8+ Bxd8 29. Rd7 Qf6 30. Qxh7 Bc8 31. Rf7 Qd6 32. Bxc8 Kxc8 33. Qf5+
Kb8 34. Rd7 Qf6 35. Qh7 Bc7 36. Rxc7 Qd6 37. Rd7 1-0

[Event "Mississauga Spring op"]
[Site "Mississauga CAN"]
[Date "2019.03.24"]
[Round "5.5"]
[White "Nasirov, Ilyas"]
[Black "Aniunoh, Chike"]
[Result "0-1"]
[WhiteElo "2024"]
[BlackElo "2133"]
[PlyCount "44"]
[EventDate "2019.03.22"]
[EventType "swiss"]
[EventRounds "5"]
[EventCountry "CAN"]

1. d4 Nf6 2. c4 c5 3. e3 g6 4. Nc3 Bg7 5. Nf3 O-O 6. Be2 cxd4 7. exd4 d5 8. O-O
Nc6 9. b3 Bg4 10. Be3 Qa5 11. Rc1 Rad8 12. c5 Ne4 13. Na4 Qb4 14. h3 Bxf3 15.
gxf3 Nf6 16. Qd3 Nh5 17. Rfd1 e5 18. a3 Qxa3 19. dxe5 Qb4 20. Bg5 Nf4 21. Qd2
Qxd2 22. Rxd2 Nxh3+ 0-1

[Event "Mississauga Spring op"]
[Site "Mississauga CAN"]
[Date "2019.03.24"]
[Round "5.7"]
[White "Surya, Benito"]
[Black "Bu, Kevin"]
[Result "1-0"]
[WhiteElo "2113"]
[BlackElo "1978"]
[PlyCount "125"]
[EventDate "2019.03.22"]
[EventType "swiss"]
[EventRounds "5"]
[EventCountry "CAN"]

1. e4 Nf6 2. e5 Nd5 3. Nc3 Nxc3 4. dxc3 d6 5. Nf3 Nc6 6. Bf4 dxe5 7. Qxd8+ Kxd8
8. O-O-O+ Bd7 9. Bxe5 f6 10. Bg3 e5 11. Bb5 Bd6 12. Rhe1 a6 13. Ba4 Na5 14.
Bxd7 Kxd7 15. Bxe5 fxe5 16. Nxe5+ Kc8 17. Nf7 Rf8 18. Nxd6+ cxd6 19. Re7 Rd8
20. Rxg7 Rd7 21. Rg8+ Rd8 22. Rxd8+ Kxd8 23. Rxd6+ Kc7 24. Rh6 Rh8 25. b3 Nc6
26. f4 Kd7 27. Kd2 Ke7 28. Ke3 Kf7 29. Kf3 Kg7 30. Rd6 Rf8 31. Rd7+ Rf7 32.
Rxf7+ Kxf7 33. Ke4 Ke6 34. g4 Ne7 35. c4 Ng8 36. f5+ Kf6 37. h4 Ne7 38. g5+ Kf7
39. c3 Nc6 40. b4 Nb8 41. Kd5 Nc6 42. b5 axb5 43. cxb5 Ne7+ 44. Ke5 Nc8 45. c4
Nb6 46. c5 Nc4+ 47. Kd4 Na3 48. b6 Nc2+ 49. Ke5 Nb4 50. Kd6 Nc6 51. Kc7 Na5 52.
a4 Kg7 53. h5 Kf7 54. h6 Kg8 55. g6 hxg6 56. fxg6 Kf8 57. c6 bxc6 58. b7 Nxb7
59. Kxb7 c5 60. a5 c4 61. a6 c3 62. a7 c2 63. a8=Q+ 1-0

[Event "Mississauga Spring op"]
[Site "Mississauga CAN"]
[Date "2019.03.24"]
[Round "5.8"]
[White "Khachaturov, Vadim"]
[Black "Feng, Richard"]
[Result "1-0"]
[WhiteElo "2008"]
[BlackElo "2085"]
[PlyCount "101"]
[EventDate "2019.03.22"]
[EventType "swiss"]
[EventRounds "5"]
[EventCountry "CAN"]

1. e4 c5 2. Nf3 d6 3. d4 cxd4 4. Nxd4 Nf6 5. Nc3 g6 6. f3 Bg7 7. Be3 O-O 8. Qd2
Nc6 9. O-O-O d5 10. exd5 Nxd5 11. Nxc6 bxc6 12. Nxd5 cxd5 13. Bh6 Bxh6 14. Qxh6
Qa5 15. Kb1 Rb8 16. h4 Qc3 17. b3 Rb6 18. h5 Bf5 19. Bd3 Bxd3 20. Rxd3 Qc6 21.
Rxd5 Rc8 22. Rd2 a5 23. hxg6 Qxg6 24. Qxg6+ hxg6 25. Rh4 Rc5 26. Kb2 Kg7 27. c4
e5 28. Kc3 Kf6 29. a3 Kg5 30. Re4 f5 31. Re1 Rbc6 32. g3 a4 33. Rd3 Kf6 34.
Red1 e4 35. fxe4 fxe4 36. Rd6+ Kf5 37. Rxc6 Rxc6 38. b4 Kg4 39. Re1 Kf3 40. b5
Rb6 41. Kb4 e3 42. c5 Rb8 43. c6 Ke4 44. Kc5 Rd8 45. c7 Rd2 46. b6 Rc2+ 47. Kd6
Kf3 48. b7 Kf2 49. Rxe3 Rd2+ 50. Ke6 Kxe3 51. c8=Q 1-0

[Event "Mississauga Spring op"]
[Site "Mississauga CAN"]
[Date "2019.03.24"]
[Round "5.9"]
[White "Papneja, Arul"]
[Black "Xu, Eddie"]
[Result "0-1"]
[WhiteElo "1905"]
[BlackElo "2016"]
[PlyCount "106"]
[EventDate "2019.03.22"]
[EventType "swiss"]
[EventRounds "5"]
[EventCountry "CAN"]

1. d4 d5 2. Bf4 Nf6 3. e3 c5 4. c3 Qb6 5. Qc1 c4 6. Qc2 Nc6 7. Nd2 g6 8. e4
Nxe4 9. Nxe4 dxe4 10. Bxc4 Bf5 11. Be3 Qc7 12. Bd5 Bg7 13. Bxe4 Bxe4 14. Qxe4
O-O 15. f4 Na5 16. Ne2 Nc4 17. b3 Nd6 18. Qf3 b5 19. O-O h5 20. Bd2 Rfd8 21.
Ng3 b4 22. Ne2 Nb5 23. Rfd1 bxc3 24. Bxc3 Nxc3 25. Nxc3 Rac8 26. Ne2 Qb6 27.
Qe3 Rd7 28. Rd2 Rcd8 29. Rad1 e6 30. Kf2 Rd5 31. Rc2 e5 32. fxe5 Bxe5 33. g3
Re8 34. Rc4 Bxd4 35. Rdxd4 Rxe3 36. Kxe3 Re5+ 37. Kd3 Qb7 38. Rf4 Qg2 39. Rce4
Rxe4 40. Rxe4 Qxh2 41. b4 Qh1 42. Nc3 Qf3+ 43. Re3 Qf5+ 44. Re4 g5 45. Ke3 Kg7
46. b5 Qc5+ 47. Kd3 Qd6+ 48. Kc4 Qxg3 49. a4 h4 50. a5 h3 51. b6 axb6 52. a6 h2
53. a7 Qc7+ 0-1

[Event "Mississauga Spring op"]
[Site "Mississauga CAN"]
[Date "2019.03.24"]
[Round "5.10"]
[White "Chakkoli, Shiva"]
[Black "Momic, Jovan"]
[Result "1/2-1/2"]
[WhiteElo "1882"]
[BlackElo "2004"]
[PlyCount "55"]
[EventDate "2019.03.22"]
[EventType "swiss"]
[EventRounds "5"]
[EventCountry "CAN"]

1. c4 e6 2. Nc3 d5 3. cxd5 exd5 4. d4 Nf6 5. Bg5 Be7 6. e3 O-O 7. Bd3 Nc6 8.
Nge2 h6 9. Bh4 Be6 10. a3 a6 11. Bc2 b5 12. Qd3 g6 13. Nf4 Bf5 14. Qe2 Bxc2 15.
Bxf6 Bxf6 16. Qxc2 Ne7 17. O-O Rc8 18. Nd3 c6 19. Nc5 a5 20. Qd2 a4 21. Rad1
Nf5 22. Nb1 Re8 23. Qc3 Kh7 24. Rc1 Qc7 25. Qd3 Bg5 26. Rc3 Bf6 27. Rfc1 Qa7
28. Nd2 1/2-1/2

[Event "Mississauga Spring op U2000"]
[Site "Mississauga CAN"]
[Date "2019.03.23"]
[Round "1"]
[White "Baylon, Glenda"]
[Black "Green, Ken"]
[Result "1-0"]
[WhiteElo "1871"]
[BlackElo "1734"]
[PlyCount "55"]
[EventDate "2019.03.23"]
[EventType "swiss"]
[EventRounds "5"]
[EventCountry "CAN"]

1. d4 Nf6 2. c4 g6 3. Nf3 Bg7 4. Nc3 O-O 5. e4 d6 6. Be2 c6 7. O-O Qe8 8. Qc2
e5 9. dxe5 dxe5 10. Be3 b6 11. h3 Nh5 12. Qd2 f5 13. Bh6 f4 14. Bxg7 Kxg7 15.
Qd6 Nd7 16. Qxc6 Ba6 17. Rfd1 Nhf6 18. Ng5 Nc5 19. Qc7+ Ncd7 20. Bg4 Bc8 21.
Ne6+ Kg8 22. Nxf8 Kxf8 23. Qd6+ Kg7 24. Nb5 Nxg4 25. Nc7 Qf7 26. hxg4 Rb8 27.
Ne6+ Kg8 28. Qxb8 1-0

[Event "Mississauga Spring op U2000"]
[Site "Mississauga CAN"]
[Date "2019.03.23"]
[Round "1"]
[White "Gashgarian, Rob"]
[Black "Talsma, Shawn"]
[Result "0-1"]
[WhiteElo "1735"]
[BlackElo "1893"]
[PlyCount "60"]
[EventDate "2019.03.23"]
[EventType "swiss"]
[EventRounds "5"]
[EventCountry "CAN"]

1. d4 Nf6 2. c4 g6 3. Nc3 d5 4. Bg5 Ne4 5. Bf4 Nxc3 6. bxc3 Bg7 7. e3 e6 8. Nf3
Nd7 9. Qb3 Nf6 10. Bd3 b6 11. h3 O-O 12. cxd5 exd5 13. O-O c5 14. c4 cxd4 15.
exd4 dxc4 16. Bxc4 Bb7 17. d5 Bxd5 18. Rad1 Bxc4 19. Qxc4 Qc8 20. Qa4 Qb7 21.
Rfe1 Rad8 22. Rc1 Nd5 23. Bg5 f6 24. Bh4 Rc8 25. Rxc8 Rxc8 26. Re8+ Rxe8 27.
Qxe8+ Bf8 28. Nd4 Qe7 29. Qc6 Qe1+ 30. Kh2 Qe5+ 0-1

[Event "Mississauga Spring op U2000"]
[Site "Mississauga CAN"]
[Date "2019.03.23"]
[Round "1"]
[White "He, Emma"]
[Black "Qu, Greta"]
[Result "1-0"]
[WhiteElo "1920"]
[BlackElo "1741"]
[PlyCount "61"]
[EventDate "2019.03.23"]
[EventType "swiss"]
[EventRounds "5"]
[EventCountry "CAN"]

1. e4 c5 2. Nf3 Nc6 3. c3 Nf6 4. e5 Nd5 5. d4 cxd4 6. cxd4 d6 7. Bc4 Nb6 8. Bb3
d5 9. Nc3 Bf5 10. Nh4 Bc8 11. f4 e6 12. Nf3 Be7 13. Bc2 Bd7 14. h4 h5 15. Ng5
g6 16. a3 a5 17. Qd3 Rc8 18. g3 Nc4 19. Nxf7 Kxf7 20. Qxg6+ Kf8 21. f5 Be8 22.
Bh6+ Rxh6 23. Qxh6+ Kg8 24. f6 Bxf6 25. Qh7+ Kf8 26. exf6 Bf7 27. Qh8+ Bg8 28.
Bh7 Kf7 29. Qg7+ Ke8 30. Bg6+ Bf7 31. Qxf7# 1-0

[Event "Mississauga Spring op U2000"]
[Site "Mississauga CAN"]
[Date "2019.03.23"]
[Round "1"]
[White "Liu, Harrison"]
[Black "Dela Torre, Marife O"]
[Result "0-1"]
[WhiteElo "1756"]
[BlackElo "1920"]
[PlyCount "56"]
[EventDate "2019.03.23"]
[EventType "swiss"]
[EventRounds "5"]
[EventCountry "CAN"]

1. e4 e5 2. Nf3 Nc6 3. Bc4 Nf6 4. d3 Be7 5. c3 O-O 6. Bb3 d6 7. Nbd2 h6 8. Nf1
Re8 9. Ng3 a6 10. h3 Na5 11. Bc2 c5 12. d4 exd4 13. cxd4 cxd4 14. O-O Nc6 15.
Nxd4 Bf8 16. Re1 Nxd4 17. Qxd4 d5 18. e5 Qc7 19. Re2 Bc5 20. Qd3 Ne4 21. Nxe4
dxe4 22. Qxe4 g6 23. g4 Bf8 24. Bf4 Be6 25. Rc1 Qb6 26. Ba4 Red8 27. Be3 Qa5
28. Rc5 Bxc5 0-1

[Event "Mississauga Spring op U2000"]
[Site "Mississauga CAN"]
[Date "2019.03.23"]
[Round "1"]
[White "Milinkovic, Mate"]
[Black "Chakkoli, Anirud"]
[Result "1/2-1/2"]
[WhiteElo "1806"]
[BlackElo "1659"]
[PlyCount "107"]
[EventDate "2019.03.23"]
[EventType "swiss"]
[EventRounds "5"]
[EventCountry "CAN"]

1. e4 c5 2. Nf3 d6 3. d4 cxd4 4. Nxd4 Nf6 5. Nc3 a6 6. Be2 e5 7. Nf3 Be7 8. O-O
b5 9. a3 Bb7 10. Bd3 O-O 11. Bg5 Nbd7 12. Nh4 d5 13. exd5 Nxd5 14. Bxe7 Nxe7
15. f4 Nc5 16. Kh1 Nc6 17. Qg4 Nxd3 18. cxd3 Qxd3 19. Rad1 Qc4 20. Nd5 Kh8 21.
Nb6 Qc2 22. Nxa8 Bxa8 23. fxe5 Nxe5 24. Qd4 Ng6 25. Nxg6+ hxg6 26. Rd2 Qc6 27.
Qd7 Qc4 28. Rdf2 Kg8 29. Re1 Bc6 30. Qd6 Qh4 31. Kg1 Be4 32. Qf4 Qxf4 33. Rxf4
f5 34. Rf2 Rd8 35. Rc1 Rd7 36. h3 Kf7 37. Kh2 Ke6 38. Re2 Kf6 39. Kg3 Rd3+ 40.
Kh2 Rd7 41. Rc3 g5 42. Rc8 g6 43. Rf8+ Ke7 44. Rb8 Rd6 45. Rb7+ Kf6 46. Rc7 Ke6
47. Rc5 Kf6 48. Rf2 Ke6 49. g4 Rd1 50. gxf5+ gxf5 51. Kg3 Rg1+ 52. Kh2 Rh1+ 53.
Kg3 Rg1+ 54. Kh2 1/2-1/2

[Event "Mississauga Spring op U2000"]
[Site "Mississauga CAN"]
[Date "2019.03.23"]
[Round "1"]
[White "Samokysh, Yevhen"]
[Black "Cao, Bruce"]
[Result "0-1"]
[WhiteElo "1924"]
[BlackElo "1756"]
[PlyCount "92"]
[EventDate "2019.03.23"]
[EventType "swiss"]
[EventRounds "5"]
[EventCountry "CAN"]

1. Nf3 Nf6 2. e3 d5 3. b3 g6 4. Bb2 Bg7 5. d4 O-O 6. Bd3 b6 7. Nbd2 Bb7 8. O-O
c5 9. Qe2 Nc6 10. dxc5 bxc5 11. c4 d4 12. exd4 Nxd4 13. Nxd4 cxd4 14. f4 Re8
15. Rad1 Qd7 16. Ne4 Nxe4 17. Bxe4 Qe6 18. Rfe1 Qxe4 19. Qxe4 Bxe4 20. Rxe4
Rad8 21. Rd3 f5 22. Re6 Kf7 23. Ra6 Rd7 24. c5 g5 25. c6 Rc7 26. Bxd4 Rd8 27.
Bb6 Rxd3 28. Bxc7 Bd4+ 29. Kf1 gxf4 30. Ra4 e5 31. Ba5 Rd1+ 32. Ke2 Rc1 33. c7
Ke8 34. Rb4 Bb6 35. Bxb6 axb6 36. Rxb6 Kd7 37. Rh6 Kxc7 38. Rxh7+ Kd6 39. Kd2
Rg1 40. a4 Rxg2+ 41. Ke1 Kc5 42. h4 Kd4 43. Kf1 Rb2 44. Rb7 Ke3 45. Re7 e4 46.
Re5 f3 0-1

[Event "Mississauga Spring op U2000"]
[Site "Mississauga CAN"]
[Date "2019.03.23"]
[Round "1"]
[White "Supsup, Ferdinand"]
[Black "Lim, Levi"]
[Result "0-1"]
[WhiteElo "1789"]
[BlackElo "1961"]
[PlyCount "71"]
[EventDate "2019.03.23"]
[EventType "swiss"]
[EventRounds "5"]
[EventCountry "CAN"]

1. e4 c5 2. d4 cxd4 3. c3 d3 4. c4 Nc6 5. Bxd3 d6 6. Nc3 Nf6 7. h3 e6 8. Nf3
Be7 9. O-O O-O 10. Qe2 Qc7 11. Rd1 a6 12. Be3 b6 13. Rac1 Qb7 14. Bb1 Ne5 15.
Bf4 Nfd7 16. Nxe5 Nxe5 17. Be3 Bd7 18. f4 Ng6 19. Qh5 Bc6 20. Rd2 b5 21. Rf1 b4
22. Nd5 exd5 23. exd5 Bf6 24. dxc6 Qxc6 25. b3 Rfe8 26. Rf3 Bc3 27. Qd5 Rac8
28. Bf5 Bxd2 29. Qxc6 Rxc6 30. Bxd2 Nh4 31. Bd7 Nxf3+ 32. gxf3 Re2 33. Bxb4 Rc7
34. Bf5 Rxa2 35. Bxd6 Rb7 36. b4 {...} 0-1

[Event "Mississauga Spring op U2000"]
[Site "Mississauga CAN"]
[Date "2019.03.23"]
[Round "1"]
[White "Xiang, Christopher"]
[Black "Piccinin, Mario"]
[Result "1/2-1/2"]
[WhiteElo "1696"]
[BlackElo "1813"]
[PlyCount "84"]
[EventDate "2019.03.23"]
[EventType "swiss"]
[EventRounds "5"]
[EventCountry "CAN"]

1. e4 Nc6 2. Nf3 f5 3. exf5 d5 4. d4 Bxf5 5. Bd3 Qd7 6. c3 Nf6 7. O-O O-O-O 8.
Qc2 Bxd3 9. Qxd3 g6 10. Bf4 Bg7 11. h3 Ne4 12. Nbd2 Qf5 13. Bh2 Nxd2 14. Qxd2
e5 15. Nxe5 Nxe5 16. Bxe5 Bxe5 17. dxe5 Qxe5 18. Rfe1 Qf6 19. Qe3 d4 20. cxd4
Qxd4 21. Qxd4 Rxd4 22. Re7 Rd2 23. Rc1 c6 24. b4 Rd7 25. Rxd7 Kxd7 26. Rd1+ Kc7
27. f4 Re8 28. Kf2 Re4 29. Re1 Rxf4+ 30. Kg3 Rf7 31. Re2 Kb6 32. Re5 Rf5 33.
Re7 a5 34. bxa5+ Rxa5 35. Rxh7 g5 36. Rg7 Ra3+ 37. Kg4 Rxa2 38. Rxg5 Rxg2+ 39.
Kf4 Rh2 40. Rg3 Ka5 41. h4 c5 42. h5 c4 {...} 1/2-1/2

[Event "Mississauga Spring op U2000"]
[Site "Mississauga CAN"]
[Date "2019.03.23"]
[Round "2"]
[White "Chakkoli, Anirud"]
[Black "Hua, MIchelle"]
[Result "1-0"]
[WhiteElo "1659"]
[BlackElo "1817"]
[PlyCount "53"]
[EventDate "2019.03.23"]
[EventType "swiss"]
[EventRounds "5"]
[EventCountry "CAN"]

1. e4 c5 2. Nf3 d6 3. d4 cxd4 4. Nxd4 Nf6 5. Nc3 g6 6. Be3 Bg7 7. f3 O-O 8. Qd2
Nc6 9. Bc4 Bd7 10. h4 Ne5 11. Bb3 Qa5 12. O-O-O Rfc8 13. Kb1 Rab8 14. g4 b5 15.
h5 Nxf3 16. Nxf3 Rxc3 17. hxg6 hxg6 18. Ng5 e6 19. Qxc3 b4 20. Qd2 Nxg4 21.
Qxd6 Rf8 22. Qxd7 Qe5 23. Bd4 Qxg5 24. Bxg7 Kxg7 25. Bxe6 Nf2 26. Qd4+ Qf6 27.
Rh7+ 1-0